Catálogo
 En Linea

Circulos de arena y de humo . : (Registro nro. 31737)

Detalles MARC
000 -CABECERA
campo de control de longitud fija 00705nam a2200229 a 4500
001 - NÚMERO DE CONTROL
campo de control 000032246
003 - IDENTIFICADOR DEL NÚMERO DE CONTROL
campo de control DO-SdBNP
005 - FECHA Y HORA DE LA ÚLTIMA TRANSACCIÓN
campo de control 20220726125842.0
007 - CAMPO FIJO DE DESCRIPCIÓN FÍSICA--INFORMACIÓN GENERAL
campo de control de longitud fija ta
008 - DATOS DE LONGITUD FIJA--INFORMACIÓN GENERAL
campo de control de longitud fija 110713s1943 dr a 000 0 spa d
040 ## - FUENTE DE LA CATALOGACIÓN
Centro catalogador/agencia de origen DO-SdBNP
Lengua de catalogación spa
Centro/agencia transcriptor BNPHU
082 ## - NÚMERO DE LA CLASIFICACIÓN DECIMAL DEWEY
Número de clasificación xxxx
Número de documento/Ítem M676c
100 ## - ENTRADA PRINCIPAL--NOMBRE DE PERSONA
Nombre de persona Miró, Baltasar
9 (RLIN) 58307
Fechas asociadas al nombre 1914-1947
245 10 - MENCIÓN DE TÍTULO
Título Circulos de arena y de humo . :
Resto del título relatos /
Mención de responsabilidad, etc. Baltasar Miró
260 ## - PUBLICACIÓN, DISTRIBUCIÓN, ETC.
Lugar de publicación, distribución, etc. Ciudad Trujillo, República Dominicana :
Nombre del editor, distribuidor, etc. Ediciones Agora,
Fecha de publicación, distribución, etc. 1943.
300 ## - DESCRIPCIÓN FÍSICA
Extensión 58 p. :
Otras características físicas il. ;
Dimensiones 23 cm.
500 ## - NOTA GENERAL
Nota general Gravados de Alloza
590 ## - NOTA LOCAL (RLIN)
Nota local Inventariado, 2022/ YL
590 ## - NOTA LOCAL (RLIN)
Nota local Perteneció a la biblioteca personal de Martínez Boog.
910 ## - DATOS DE OPCIÓN DEL USUARIO (OCLC)
Datos de opción del usuario YLockward
942 ## - ELEMENTOS DE PUNTO DE ACCESO ADICIONAL (KOHA)
Fuente del sistema de clasificación o colocación Dewey Decimal Classification
Tipo de ítem Koha Libro
Existencias
Estado de retiro Estado de pérdida Fuente del sistema de clasificación o colocación Restricciones de uso No para préstamo Código de colección Localización permanente Ubicación/localización actual Ubicación en estantería Fecha de adquisición Número de inventario Signatura topográfica completa Código de barras Fecha visto por última vez Precio válido a partir de Tipo de ítem Koha Nota pública
    Dewey Decimal Classification Excluido de préstamo   Patrimonio Dominicano Raros y Valiosos Biblioteca Nacional Pedro Henríquez Ureña Biblioteca Nacional Pedro Henríquez Ureña En catalogación 13.07.2011 LF1 xxxx M676c 32246-10 25.06.2020 25.06.2020 Libro Perteneció a la biblioteca personal de Martínez Boog

Con tecnología Koha